Statystyki dla 20 Najczęściej odwiedzanych krajów

Kliknij tutaj aby rozwiązać quiz!

Ogólne statystyki

  • Ten quiz został rozwiązany 1 162 razy
  • Średni wynik to 14 z 20

Statystyki odpowiedzi

Liczba TurystówKraj% Poprawnych
79,6 mlnStany Zjednoczone
96%
89,4 mlnFrancja
94%
82,8 mlnHiszpania
94%
38,9 mlnNiemcy
91%
62,9 mlnChiny
90%
62,1 mlnWłochy
89%
24,6 mlnRosja
88%
31,2 mlnJaponia
86%
36,3 mlnWielka Brytania
84%
21,1 mlnKanada
83%
30,1 mlnGrecja
80%
45,8 mlnTurcja
80%
41,4 mlnMeksyk
76%
22,8 mlnPortugalia
72%
19 mlnHolandia
51%
30,8 mlnAustria
47%
38,3 mlnTajlandia
46%
25,8 mlnMalezja
23%
29,3 mlnHong Kong
7%
18,5 mlnMakau
6%

Rozkład punktacji

Percentyl według liczby udzielonych odpowiedzi

Procent ludzi z każdym wynikiem

Twoja historia wyników

Nie rozwiązałeś tego quizu